100 a 1 jídel z hub a na houbách

Bibliographic Details
Main Author: Kosek, Oldřich (Author)
Other Authors: Bočanová, Daniela (Illustrator)
Format: Book
Language:Czech
PhysicalDescription:147, [4] s. 15 cm
Published: Praha Merkur 1992
ISBN:8070327332
Edition:3. vyd.

MARC

LEADER 00000nam a2200000 a 4500
001 vtls001136316
003 SK-MaSNL
005 20260301063016.0
008 250414s1992 CS 0 cze
020 |a 8070327332 
035 |a SNK000079169 
040 |a SNK  |b slo  |c SNK  |e AACR2 
041 0 |a cze 
044 |a [CS] 
080 |a 635.8:641.5(083.12)  |2 1981 
080 |a 641.5(083.12)  |2 1981 
100 1 |a Kosek, Oldřich  |4 aut  |9 61665 
245 1 0 |a 100 a 1 jídel z hub a na houbách  |c Oldřich Kosek ; Ilustr. Daniela Bočanová 
250 |a 3. vyd. 
260 |a Praha  |b Merkur  |c 1992 
300 |a 147, [4] s.  |c 15 cm 
700 1 |a Bočanová, Daniela  |4 ill  |9 60723 
852 |a Slovenská národná knižnica 
919 |a 80-7032-733-2 
999 |c 622621  |d 624551 
952 |a SNK  |b SNK  |y VYP  |7 0  |p 17A0655335  |o snkID 93687  |i snkKIP 7900/92  |0 0  |1 0  |4 0  |d 2010-04-15  |l 0  |r 2026-02-23 17:00:33  |w 2026-02-23